[Event "DVM U16 2010"]
[Site "Naumburg (Saale) GER"]
[Date "2010.12.27"]
[Round "2"]
[White "Eigemann, Julian"]
[Black "Pererva, Viktor"]
[Result "0-1"]
[Termination "normal"]
[Board "3.3"]
[WhiteElo "1832"]
[BlackElo "1962"]
[WhiteTeam "SF Köln-Mülheim"]
[BlackTeam "SSC Rostock"]
[PlyCount "60"]
[WhiteFideId "24666599"]
[BlackFideId "24696463"]
[EventCountry "GER"]
[EventRounds "7"]
[EventType "team-swiss"]
[EventDate "2010.12.26"]

1. e4 e5 2. f4 exf4 3. Bc4 d5 4. exd5 Nf6 5. Nc3 Bd6 6. Qe2+ Qe7 7. Qxe7+ Kxe7
8. d4 Re8 9. Nb5 Bf5 10. Ne2 g5 11. Bb3 a6 12. Nbc3 Kf8 13. O-O Bg4 14. Re1
Nbd7 15. Bd2 Re7 16. Nc1 Rae8 17. Nd3 h6 18. Rxe7 Rxe7 19. Re1 Rxe1+ 20. Nxe1
Bf5 21. Ne2 b5 22. c4 bxc4 23. Bxc4 Nb6 24. Bxa6 Nfxd5 25. Bb5 Bd7 26. Bxd7
Nxd7 27. Nc3 Nxc3 28. Bxc3 Ke7 29. Nd3 Ke6 30. Nb4 Nb6 0-1

[Event "DVM U16 2010"]
[Site "Naumburg (Saale) GER"]
[Date "2010.12.27"]
[Round "2"]
[White "Bardosch, Karl"]
[Black "Rahmen, Christian"]
[Result "1-0"]
[Termination "normal"]
[Board "3.4"]
[WhiteElo "1678"]
[BlackElo "1507"]
[WhiteTeam "SSC Rostock"]
[BlackTeam "SF Köln-Mülheim"]
[PlyCount "31"]
[WhiteFideId "24696480"]
[BlackFideId "12901709"]
[EventCountry "GER"]
[EventRounds "7"]
[EventType "team-swiss"]
[EventDate "2010.12.26"]

1. e4 {[%emt 0:00:00]} Nf6 2. Nc3 d5 3. exd5 Nxd5 4. Nxd5 Qxd5 5. d4 Nc6 6. Be3
Bf5 7. c3 O-O-O 8. Nf3 g6 9. Bd3 Bg7 10. O-O Bg4 11. Be2 Qh5 12. Re1 Rd5 13. h3
Bxh3 14. Ng5 Qh4 15. Nxh3 e5 16. Bg5 1-0

[Event "DVM U16 2010"]
[Site "Naumburg (Saale) GER"]
[Date "2010.12.27"]
[Round "2"]
[White "Wenninger, Philipp"]
[Black "Schindlbeck, Tobias"]
[Result "0-1"]
[Termination "normal"]
[Board "4.1"]
[WhiteElo "2080"]
[BlackElo "1910"]
[WhiteTeam "Heilbronner SV"]
[BlackTeam "FC Ergolding"]
[PlyCount "56"]
[WhiteFideId "4648404"]
[BlackFideId "24615510"]
[EventCountry "GER"]
[EventRounds "7"]
[EventType "team-swiss"]
[EventDate "2010.12.26"]

1. d4 d5 2. c4 e6 3. Nc3 Nf6 4. cxd5 exd5 5. Bg5 Nbd7 6. e3 c6 7. Nf3 Be7 8.
Bd3 O-O 9. Qc2 Re8 10. h3 Nf8 11. O-O-O Ne4 12. Bxe4 dxe4 13. Bxe7 Qxe7 14. Nd2
f5 15. Kb1 Be6 16. Nb3 Red8 17. f3 Bd5 18. fxe4 Bxe4 19. Nxe4 Qxe4 20. Qxe4
fxe4 21. Rhf1 Nd7 22. Rf4 Re8 23. Nc5 Nf6 24. Re1 b6 25. Na4 Nd5 26. Rg4 Re6
27. Nc3 Rf8 28. Rxe4 Nxc3+ 0-1

[Event "DVM U16 2010"]
[Site "Naumburg (Saale) GER"]
[Date "2010.12.27"]
[Round "2"]
[White "Oberpriller, Johannes"]
[Black "Mikeler, Marcel"]
[Result "1-0"]
[Termination "normal"]
[Board "4.2"]
[WhiteElo "1837"]
[BlackElo "1377"]
[WhiteTeam "FC Ergolding"]
[BlackTeam "Heilbronner SV"]
[PlyCount "85"]
[WhiteFideId "1270621"]
[BlackFideId "12927856"]
[EventCountry "GER"]
[EventRounds "7"]
[EventType "team-swiss"]
[EventDate "2010.12.26"]

1. d4 d5 2. c4 e6 3. Nc3 Nf6 4. cxd5 exd5 5. Bg5 Be7 6. e3 O-O 7. Bd3 Nbd7 8.
Nge2 Re8 9. Qc2 h6 10. Bh4 b6 11. O-O Bb7 12. Rfd1 Rc8 13. Rac1 c5 14. dxc5
Nxc5 15. Bf5 Ne6 16. Qb1 Rc4 17. Bg3 Bd6 18. b3 Rc5 19. Na4 Rxc1 20. Qxc1 Bxg3
21. hxg3 Qd6 22. Qd2 Nc5 23. Nac3 Rd8 24. Bc2 Qe6 25. Nf4 Qe5 26. Nd3 Nxd3 27.
Qxd3 Rc8 28. Ne2 Qe4 29. f3 Qe5 30. Qd4 Qd6 31. Bf5 Rc7 32. Kf2 g6 33. Bb1 Qc5
34. Qxf6 Re7 35. Qd4 Qd6 36. Rh1 h5 37. g4 Bc8 38. gxh5 g5 39. h6 f6 40. Rd1
Be6 41. Qxf6 Qc5 42. h7+ Rxh7 43. Bxh7+ 1-0

[Event "DVM U16 2010"]
[Site "Naumburg (Saale) GER"]
[Date "2010.12.27"]
[Round "2"]
[White "Tunc, Devris"]
[Black "Schnurr, Christian"]
[Result "0-1"]
[Termination "normal"]
[Board "4.3"]
[WhiteElo "815"]
[BlackElo "1930"]
[WhiteTeam "Heilbronner SV"]
[BlackTeam "FC Ergolding"]
[PlyCount "54"]
[WhiteFideId "12927864"]
[BlackFideId "1270622"]
[EventCountry "GER"]
[EventRounds "7"]
[EventType "team-swiss"]
[EventDate "2010.12.26"]

1. d4 d5 2. Nf3 Nf6 3. Bf4 e6 4. Nbd2 Bd6 5. Bxd6 cxd6 6. e3 Nc6 7. Be2 O-O 8.
O-O e5 9. dxe5 dxe5 10. Rc1 Qe7 11. c4 Be6 12. Ng5 Bd7 13. cxd5 Nxd5 14. Bg4
Rfd8 15. Bxd7 Rxd7 16. Nge4 Rad8 17. Nc5 Nxe3 18. fxe3 Rxd2 19. Qb3 Na5 20. Qa4
b6 21. Nb3 Nxb3 22. Qxb3 Qb7 23. Rc6 Rxg2+ 24. Kxg2 Qxc6+ 25. Kf2 Rd2+ 26. Ke1
Qc1+ 27. Qd1 Qxd1# 0-1

[Event "DVM U16 2010"]
[Site "Naumburg (Saale) GER"]
[Date "2010.12.27"]
[Round "2"]
[White "Schoepe, Tobias"]
[Black "Ignatov, Dmitriy"]
[Result "1-0"]
[Termination "normal"]
[Board "4.4"]
[WhiteElo "1840"]
[BlackElo "1074"]
[WhiteTeam "FC Ergolding"]
[BlackTeam "Heilbronner SV"]
[PlyCount "77"]
[WhiteFideId "24692107"]
[BlackFideId "12927872"]
[EventCountry "GER"]
[EventRounds "7"]
[EventType "team-swiss"]
[EventDate "2010.12.26"]

1. e4 e5 2. Nc3 Nc6 3. g3 Bc5 4. Bg2 Nf6 5. h3 d6 6. Nge2 Be6 7. O-O Qd7 8. Kh2
O-O-O 9. d3 d5 10. exd5 Nxd5 11. Ne4 Bd6 12. a4 f5 13. N4c3 Nxc3 14. Nxc3 a6
15. f4 exf4 16. Bxf4 Bxf4 17. Rxf4 g5 18. Rf1 Rhg8 19. Rb1 Qd6 20. b4 Nxb4 21.
Qc1 Rdf8 22. Qb2 f4 23. Qxb4 fxg3+ 24. Kg1 Rxf1+ 25. Bxf1 Qxb4 26. Rxb4 Rf8 27.
Ne4 Rf3 28. Nxg5 Re3 29. Nxe6 Rxe6 30. Kg2 Re1 31. Re4 Rxe4 32. dxe4 Kd7 33.
Kxg3 Ke6 34. Kf4 Kf6 35. e5+ Ke6 36. Bc4+ Ke7 37. Kf5 c6 38. a5 b5 39. axb6 1-0

[Event "DVM U16 2010"]
[Site "Naumburg (Saale) GER"]
[Date "2010.12.27"]
[Round "2"]
[White "Hinrichs, Jan"]
[Black "Müller, Marius"]
[Result "1-0"]
[Termination "normal"]
[Board "5.1"]
[WhiteElo "1880"]
[BlackElo "2007"]
[WhiteTeam "Hamburger SK"]
[BlackTeam "BSG Chemie Leipzig"]
[PlyCount "61"]
[WhiteFideId "12907294"]
[BlackFideId "24672378"]
[EventCountry "GER"]
[EventRounds "7"]
[EventType "team-swiss"]
[EventDate "2010.12.26"]

1. d4 d5 2. c4 e6 3. Nf3 c6 4. e3 Bd6 5. b3 f5 6. Bd3 Nf6 7. O-O O-O 8. Ba3
Bxa3 9. Nxa3 Ne4 10. Qc1 Nd7 11. Ne5 Qh4 12. f3 Nd6 13. Qe1 Qh5 14. Nxd7 Bxd7
15. Qb4 Ne8 16. Qxb7 Nf6 17. Rae1 g5 18. Nc2 g4 19. Qc7 Rae8 20. fxg4 Nxg4 21.
Be2 Rf7 22. h3 e5 23. hxg4 Qg5 24. dxe5 Rg7 25. cxd5 cxd5 26. Qd6 Be6 27. Qb4
Rc8 28. Bd1 fxg4 29. Qf4 Qh5 30. Nd4 Rf7 31. Qg3 1-0

[Event "DVM U16 2010"]
[Site "Naumburg (Saale) GER"]
[Date "2010.12.27"]
[Round "2"]
[White "Schmücker, Felix"]
[Black "Hinrichs, Lars"]
[Result "1/2-1/2"]
[Termination "normal"]
[Board "5.2"]
[WhiteElo "2023"]
[BlackElo "1907"]
[WhiteTeam "BSG Chemie Leipzig"]
[BlackTeam "Hamburger SK"]
[PlyCount "46"]
[WhiteFideId "12900273"]
[BlackFideId "12921769"]
[EventCountry "GER"]
[EventRounds "7"]
[EventType "team-swiss"]
[EventDate "2010.12.26"]

1. e4 e6 2. d4 d5 3. Nc3 Bb4 4. exd5 exd5 5. a3 Be7 6. Bd3 Nf6 7. Bf4 O-O 8.
Nge2 c6 9. Qd2 Be6 10. h3 Nbd7 11. O-O Rc8 12. Rfe1 Re8 13. Rad1 Nf8 14. Ng3
Qd7 15. Be5 Ng6 16. f4 Nh4 17. Rf1 Nf5 18. Nxf5 Bxf5 19. Bxf5 Qxf5 20. Bxf6
Qxf6 21. Rde1 Bd6 22. g3 Re6 23. Re3 Rce8 1/2-1/2

[Event "DVM U16 2010"]
[Site "Naumburg (Saale) GER"]
[Date "2010.12.27"]
[Round "2"]
[White "Gröning, Finn Jonathan"]
[Black "Hellwig, Tina"]
[Result "1-0"]
[Termination "normal"]
[Board "5.3"]
[WhiteElo "1828"]
[BlackElo "1321"]
[WhiteTeam "Hamburger SK"]
[BlackTeam "BSG Chemie Leipzig"]
[PlyCount "101"]
[WhiteFideId "1271634"]
[EventCountry "GER"]
[EventRounds "7"]
[EventType "team-swiss"]
[EventDate "2010.12.26"]

1. e4 c6 2. d4 d5 3. Nc3 dxe4 4. Nxe4 Bf5 5. Ng3 Bg6 6. h4 h6 7. Nf3 Nf6 8. h5
Bh7 9. Bd3 Bxd3 10. Qxd3 e6 11. Bf4 Nbd7 12. O-O-O Nd5 13. Bd2 Qc7 14. c4 Nb4
15. Qb3 a5 16. a3 Na6 17. Ne4 O-O-O 18. g3 g5 19. hxg6 fxg6 20. Bf4 Qb6 21.
Qxb6 Nxb6 22. Be5 Rh7 23. Nfg5 Rhd7 24. Nxe6 Re8 25. Nxf8 Rxf8 26. Nd6+ Kd8 27.
Rxh6 g5 28. Rdh1 Kc7 29. Rh8 Rxh8 30. Rxh8 c5 31. d5 Rxd6 32. Bxd6+ Kxd6 33. b3
Nd7 34. Rg8 Ne5 35. Kd2 Nf3+ 36. Ke3 Nd4 37. Rxg5 Nxb3 38. Rg6+ Kd7 39. Rb6 Nd4
40. Rxb7+ Kc8 41. Ra7 Nb8 42. Rxa5 Nd7 43. Rxc5+ Nxc5 44. Kxd4 Nb3+ 45. Kc3 Nc5
46. f3 Kd7 47. Kb4 Nd3+ 48. Kb5 Kd6 49. a4 Ne5 50. f4 Nf7 51. a5 1-0

[Event "DVM U16 2010"]
[Site "Naumburg (Saale) GER"]
[Date "2010.12.27"]
[Round "2"]
[White "Schlimpert, Vanessa"]
[Black "Sander, Dan Allan"]
[Result "0-1"]
[Termination "normal"]
[Board "5.4"]
[WhiteElo "1305"]
[BlackElo "1659"]
[WhiteTeam "BSG Chemie Leipzig"]
[BlackTeam "Hamburger SK"]
[PlyCount "118"]
[BlackFideId "12906964"]
[EventCountry "GER"]
[EventRounds "7"]
[EventType "team-swiss"]
[EventDate "2010.12.26"]

1. e4 c5 2. Nf3 d6 3. d4 cxd4 4. Nxd4 Nf6 5. Nc3 e6 6. Bd3 a6 7. Bg5 Qc7 8. Qf3
Nbd7 9. O-O Ne5 10. Qf4 Nxd3 11. cxd3 e5 12. Qe3 exd4 13. Qxd4 Be7 14. Rae1 O-O
15. h3 h6 16. Bh4 Qd8 17. Re3 Be6 18. Rfe1 Re8 19. a3 Kh7 20. Ne2 Ng8 21. Bxe7
Nxe7 22. Rg3 Rg8 23. Nf4 Nc6 24. Qc3 Qf6 25. Qxf6 gxf6 26. Rf3 Nd4 27. Rg3 Rxg3
28. fxg3 Rc8 29. Ne2 Nxe2+ 30. Rxe2 Bb3 31. Kf2 Rc2 32. Rxc2 Bxc2 33. Ke3 Kg6
34. g4 h5 35. gxh5+ Kxh5 36. g3 Bb3 37. Kf4 Be6 38. h4 a5 39. b4 a4 40. d4 b5
41. d5 Bg4 42. Ke3 f5 43. exf5 Bxf5 44. Kf4 Bh3 45. Kf3 f5 46. Kf2 Kg4 47. h5
Kxh5 48. Kf3 Kg5 49. g4 fxg4+ 50. Kg3 Kf5 51. Kf2 Ke4 52. Ke2 Kxd5 53. Kf2 Kc4
54. Ke2 d5 55. Kf2 d4 56. Ke2 d3+ 57. Kf2 d2 58. Ke2 Kc3 59. Kd1 g3 0-1

[Event "DVM U16 2010"]
[Site "Naumburg (Saale) GER"]
[Date "2010.12.27"]
[Round "2"]
[White "Moritz, Aron"]
[Black "Bender, Andreas"]
[Result "0-1"]
[Termination "normal"]
[Board "6.1"]
[WhiteElo "2089"]
[BlackElo "1874"]
[WhiteTeam "Empor Berlin"]
[BlackTeam "SF 1974 Heinsberg"]
[PlyCount "68"]
[WhiteFideId "24672319"]
[BlackFideId "4675878"]
[EventCountry "GER"]
[EventRounds "7"]
[EventType "team-swiss"]
[EventDate "2010.12.26"]

1. e4 c5 2. Nf3 e6 3. d4 cxd4 4. Nxd4 a6 5. Bd3 Qc7 6. Be3 Nf6 7. f4 d6 8. Qf3
h5 9. h3 Nc6 10. Nc3 Bd7 11. O-O Nxd4 12. Bxd4 Bc6 13. Qe3 b5 14. a4 b4 15. Na2
Qb7 16. Rfe1 a5 17. c3 Bxa4 18. cxb4 axb4 19. Nxb4 Qxb4 20. b3 Bc6 21. Rxa8+
Bxa8 22. Ra1 Bb7 23. Ra4 Qxb3 24. Ra5 Qd1+ 25. Kh2 Be7 26. Bxf6 Bxf6 27. Bb5+
Kf8 28. Qb6 g6 29. e5 Qd2 30. Qxb7 Qxf4+ 31. Kg1 Bxe5 32. Ra2 Bd4+ 33. Kh1 Qc1+
34. Kh2 h4 0-1

[Event "DVM U16 2010"]
[Site "Naumburg (Saale) GER"]
[Date "2010.12.27"]
[Round "2"]
[White "Salzmann, Thomas"]
[Black "Kazman, Caner"]
[Result "1-0"]
[Termination "normal"]
[Board "6.2"]
[WhiteElo "1708"]
[BlackElo "1878"]
[WhiteTeam "SF 1974 Heinsberg"]
[BlackTeam "Empor Berlin"]
[PlyCount "95"]
[WhiteFideId "12910104"]
[BlackFideId "24684953"]
[EventCountry "GER"]
[EventRounds "7"]
[EventType "team-swiss"]
[EventDate "2010.12.26"]

1. e4 e6 2. b3 d5 3. Bb2 c5 4. exd5 exd5 5. Nc3 Nf6 6. Bb5+ Bd7 7. Nf3 Bd6 8.
O-O O-O 9. Bxd7 Qxd7 10. d4 cxd4 11. Qxd4 Nc6 12. Qh4 Ne5 13. Nxe5 Bxe5 14.
Rad1 Qf5 15. Nxd5 Bxh2+ 16. Qxh2 Nxd5 17. Qg3 f6 18. c4 Ne7 19. Qc7 Rfe8 20.
Rd7 Rac8 21. Qxb7 Rb8 22. Qxa7 Ra8 23. Qc7 Qe4 24. a4 Nf5 25. Qb7 Qg4 26. Qd5+
Kh8 27. f3 Qg6 28. Qd3 Qh5 29. Rd5 g6 30. Bxf6+ Kg8 31. Re5 Rxe5 32. Bxe5 Ne7
33. Qd6 Kf7 34. Qf6+ Ke8 35. Rd1 Qh6 36. Bf4 Qf8 37. Qxf8+ Kxf8 38. Bd6 Kf7 39.
Bxe7 Kxe7 40. Rd5 h5 41. a5 Rb8 42. Rb5 Rd8 43. a6 Rd2 44. b4 Rd8 45. a7 Ra8
46. Rb7+ Kd6 47. b5 Kc5 48. b6 1-0

[Event "DVM U16 2010"]
[Site "Naumburg (Saale) GER"]
[Date "2010.12.27"]
[Round "2"]
[White "Lachmann, Daniel"]
[Black "Meyers, Mark"]
[Result "0-1"]
[Termination "normal"]
[Board "6.3"]
[WhiteElo "1758"]
[BlackElo "1676"]
[WhiteTeam "Empor Berlin"]
[BlackTeam "SF 1974 Heinsberg"]
[PlyCount "50"]
[WhiteFideId "24615986"]
[BlackFideId "12927716"]
[EventCountry "GER"]
[EventRounds "7"]
[EventType "team-swiss"]
[EventDate "2010.12.26"]

1. Nf3 c5 2. g3 g6 3. Bg2 Bg7 4. O-O d6 5. c3 Nf6 6. Qa4+ Nc6 7. d3 O-O 8. Qh4
Re8 9. Bh6 Bh8 10. Nbd2 Bd7 11. Ng5 Rb8 12. Nde4 b5 13. f4 Ng4 14. Nxf7 Kxf7
15. Ng5+ Kg8 16. Bxc6 Bxc6 17. Qxg4 Bd7 18. Qf3 Qc8 19. e4 Bg4 20. Qg2 b4 21.
f5 bxc3 22. h3 Rxb2 23. Qxb2 cxb2 24. Rab1 Be2 25. fxg6 hxg6 0-1

[Event "DVM U16 2010"]
[Site "Naumburg (Saale) GER"]
[Date "2010.12.27"]
[Round "2"]
[White "Cofman, Veaceslav"]
[Black "Wendling, Florian"]
[Result "1-0"]
[Termination "normal"]
[Board "7.1"]
[WhiteElo "1976"]
[BlackElo "1936"]
[WhiteTeam "Karlsruher SF"]
[BlackTeam "Naumburger SV 1951"]
[PlyCount "169"]
[WhiteFideId "4661010"]
[BlackFideId "24640212"]
[EventCountry "GER"]
[EventRounds "7"]
[EventType "team-swiss"]
[EventDate "2010.12.26"]

1. Nf3 d5 2. d4 Nf6 3. Bf4 c6 4. c3 Bf5 5. Qb3 Qb6 6. Nbd2 Nbd7 7. e3 e6 8. Be2
Be7 9. O-O h6 10. Ne5 Nxe5 11. Bxe5 O-O 12. a4 Nd7 13. Bg3 Rfe8 14. a5 Qxb3 15.
Nxb3 Bf8 16. Rfe1 Rac8 17. Nd2 e5 18. b4 a6 19. h3 exd4 20. exd4 Re6 21. Bf3
Rce8 22. Rxe6 Rxe6 23. Nf1 Nf6 24. Ne3 Bg6 25. Be5 Ne4 26. Rc1 f6 27. Bf4 Kf7
28. h4 h5 29. g4 hxg4 30. Nxg4 Nd6 31. Ne3 Be4 32. Bg4 Re8 33. Bg3 Bd3 34. Ng2
Bf5 35. Bxd6 Bxg4 36. Bxf8 Kxf8 37. Re1 Rxe1+ 38. Nxe1 Bf5 39. Kg2 Kf7 40. Kg3
Kg6 41. Kf4 Bb1 42. Nf3 Bc2 43. Nd2 Kh5 44. Kg3 Bd1 45. Nf1 Bc2 46. Ne3 Bb1 47.
c4 Ba2 48. cxd5 Bxd5 49. Nf5 Kg6 50. Nd6 c5 51. dxc5 Kh5 52. Nf5 g5 53. hxg5
Kxg5 54. Ne7 Be6 55. f4+ Kh6 56. c6 bxc6 57. Nxc6 Bc4 58. Nd4 Kg7 59. Kg4 Kf7
60. Kf3 Ke7 61. Ke4 Kd6 62. Nc2 Be6 63. Kd4 Kc6 64. Na3 Bc8 65. Nb1 Kb5 66. Kc3
Be6 67. Nd2 Bd5 68. Nb3 Kc6 69. Nd4+ Kb7 70. b5 axb5 71. Nxb5 Be6 72. Kb4 Bd7
73. Nc3 Bc6 74. Na4 Ka6 75. Nc5+ Ka7 76. Ne6 Be4 77. Nc7 Kb8 78. Ne8 f5 79. a6
Ka7 80. Ka5 Bd3 81. Nc7 Be2 82. Nb5+ Kb8 83. Kb6 Bf3 84. a7+ Kc8 85. Nd6+ 1-0

[Event "DVM U16 2010"]
[Site "Naumburg (Saale) GER"]
[Date "2010.12.27"]
[Round "2"]
[White "Franke, Oliver"]
[Black "Wiesner, Paula"]
[Result "0-1"]
[Termination "normal"]
[Board "7.2"]
[WhiteElo "1485"]
[BlackElo "1804"]
[WhiteTeam "Naumburger SV 1951"]
[BlackTeam "Karlsruher SF"]
[PlyCount "116"]
[BlackFideId "24654019"]
[EventCountry "GER"]
[EventRounds "7"]
[EventType "team-swiss"]
[EventDate "2010.12.26"]

1. d4 d5 2. c4 e6 3. Nc3 Nf6 4. Nf3 Nbd7 5. Bg5 c6 6. e3 Qa5 7. Bd3 Bb4 8. Qc2
Ne4 9. Rc1 Nxg5 10. Nxg5 dxc4 11. Bxc4 Qxg5 12. O-O O-O 13. Ne4 Qe7 14. Rfd1
Nb6 15. Bd3 h6 16. a3 Bd6 17. Nc5 e5 18. b4 exd4 19. exd4 Qc7 20. h3 Bxc5 21.
dxc5 Nd5 22. b5 Be6 23. Qb2 Rfd8 24. Be4 Nf6 25. Bf3 cxb5 26. Qxb5 Bd5 27. Bxd5
Rxd5 28. Re1 Rc8 29. Rb1 Rxc5 30. Qxb7 Qxb7 31. Rxb7 R5c7 32. Re7 Rxe7 33. Rxe7
a6 34. Ra7 Rc6 35. Ra8+ Kh7 36. Ra7 Kg6 37. f3 Nd5 38. Kf2 Nc3 39. Rb7 Nb5 40.
a4 Nc3 41. Rb4 a5 42. Rg4+ Kf6 43. Ke3 Nd5+ 44. Kd4 Nb4 45. Rf4+ Ke6 46. Re4+
Kd6 47. Rf4 f6 48. Rf5 Nc2+ 49. Ke4 Rc5 50. Rxc5 Kxc5 51. Kd3 Nd4 52. Kc3 Ne6
53. Kb3 Nf4 54. g3 Nxh3 55. Kc3 Ng1 56. f4 Ne2+ 57. Kb3 Nxg3 58. Kc3 h5 0-1

[Event "DVM U16 2010"]
[Site "Naumburg (Saale) GER"]
[Date "2010.12.27"]
[Round "2"]
[White "Bykov, Ilya"]
[Black "Weißenburg, Isabel"]
[Result "1-0"]
[Termination "normal"]
[Board "7.3"]
[WhiteElo "1478"]
[BlackElo "1636"]
[WhiteTeam "Karlsruher SF"]
[BlackTeam "Naumburger SV 1951"]
[PlyCount "113"]
[WhiteFideId "12918059"]
[BlackFideId "4612922"]
[EventCountry "GER"]
[EventRounds "7"]
[EventType "team-swiss"]
[EventDate "2010.12.26"]

1. e4 c5 2. d4 cxd4 3. c3 d3 4. Bxd3 Nf6 5. Bf4 d6 6. Nf3 a6 7. O-O Nbd7 8.
Nbd2 e5 9. Be3 Be7 10. Bc4 b5 11. Bd3 O-O 12. Qc2 Bb7 13. Rac1 Nc5 14. Bxc5
dxc5 15. Nxe5 c4 16. Be2 Bd6 17. Ng4 Nxg4 18. Bxg4 Qh4 19. h3 h5 20. Bf3 Be5
21. b3 Rac8 22. bxc4 bxc4 23. Qb1 Ba8 24. Qb4 Qf4 25. Rfd1 Bd6 26. Qa4 Rfe8 27.
g3 Qg5 28. h4 Qg6 29. Kh2 Qf6 30. Kg2 Bc5 31. Re1 Red8 32. Nxc4 Rd3 33. Ne3
Rxc3 34. Rxc3 Qxc3 35. Qxa6 Re8 36. Re2 Qd4 37. Nf5 Qe5 38. Qc4 Kf8 39. Ne3 Bb7
40. Nd5 Qd6 41. Bxh5 Ba6 42. Qc2 Bxe2 43. Qxe2 Qe5 44. Bf3 Rb8 45. Qc4 Bd6 46.
a4 Rb2 47. Nf4 Qe8 48. Nd3 Rb1 49. a5 Ra1 50. e5 Bxe5 51. Qc5+ Bd6 52. Qxd6+
Kg8 53. a6 Qb5 54. Qd8+ Kh7 55. Be4+ g6 56. Qf6 Kg8 57. Qxa1 1-0

[Event "DVM U16 2010"]
[Site "Naumburg (Saale) GER"]
[Date "2010.12.27"]
[Round "2"]
[White "Sträßer, Martin"]
[Black "Baum, Felix"]
[Result "0-1"]
[Termination "normal"]
[Board "7.4"]
[WhiteElo "1258"]
[BlackElo "1414"]
[WhiteTeam "Naumburger SV 1951"]
[BlackTeam "Karlsruher SF"]
[PlyCount "50"]
[BlackFideId "12927724"]
[EventCountry "GER"]
[EventRounds "7"]
[EventType "team-swiss"]
[EventDate "2010.12.26"]

1. d4 e6 2. c4 Nf6 3. Nc3 c6 4. Nf3 d5 5. cxd5 exd5 6. Bg5 Bf5 7. e3 Qb6 8. Qd2
Ne4 9. Nxe4 Bxe4 10. Be2 Bb4 11. O-O Bxd2 12. Nxd2 Na6 13. Nxe4 dxe4 14. b3 Nb4
15. Rfd1 Nd5 16. Bc4 f6 17. Bh4 O-O-O 18. Rac1 h5 19. h3 Qc7 20. Bxd5 Rxd5 21.
Rc5 Rxc5 22. dxc5 Rd8 23. Rxd8+ Qxd8 24. g4 Qd1+ 25. Kh2 hxg4 0-1

[Event "DVM U16 2010"]
[Site "Naumburg (Saale) GER"]
[Date "2010.12.27"]
[Round "2"]
[White "Eichinger, Christoph"]
[Black "Di Capua, Francesco Stefano"]
[Result "1/2-1/2"]
[Termination "normal"]
[Board "8.1"]
[WhiteElo "1978"]
[BlackElo "1747"]
[WhiteTeam "TSV Kareth-Lappersdorf"]
[BlackTeam "SK Gernsheim"]
[PlyCount "78"]
[WhiteFideId "1270972"]
[BlackFideId "24698903"]
[EventCountry "GER"]
[EventRounds "7"]
[EventType "team-swiss"]
[EventDate "2010.12.26"]

1. e4 e5 2. Nf3 Nc6 3. d4 exd4 4. Bc4 Bb4+ 5. c3 dxc3 6. O-O d6 7. a3 Bc5 8. b4
Bb6 9. Qb3 Qe7 10. Bg5 Nf6 11. Nxc3 Be6 12. Nd5 Bxd5 13. exd5 Ne5 14. Bb5+ Kf8
15. Rfe1 a6 16. Ba4 Bxf2+ 17. Kxf2 b5 18. Nxe5 dxe5 19. Kg1 bxa4 20. Qxa4 Qd6
21. Rac1 Ne8 22. Qa5 Qb6+ 23. Qxb6 cxb6 24. Rxe5 f6 25. Rf5 Nd6 26. Rf3 Kf7 27.
Be3 b5 28. Rc7+ Kg6 29. Bc5 Ne4 30. Re7 Rhe8 31. Re3 Rxe7 32. Bxe7 f5 33. g4
Re8 34. gxf5+ Kxf5 35. Rxe4 Kxe4 36. d6 Kf3 37. h4 Rc8 38. d7 Rc1+ 39. Kh2 Rc2+
1/2-1/2

[Event "DVM U16 2010"]
[Site "Naumburg (Saale) GER"]
[Date "2010.12.27"]
[Round "2"]
[White "Fornoff, Robin"]
[Black "Kaiser, Dominik"]
[Result "1/2-1/2"]
[Termination "normal"]
[Board "8.2"]
[WhiteElo "1663"]
[BlackElo "1732"]
[WhiteTeam "SK Gernsheim"]
[BlackTeam "TSV Kareth-Lappersdorf"]
[PlyCount "46"]
[WhiteFideId "24698890"]
[BlackFideId "1270967"]
[EventCountry "GER"]
[EventRounds "7"]
[EventType "team-swiss"]
[EventDate "2010.12.26"]

1. e4 d5 2. exd5 Qxd5 3. Nc3 Qa5 4. d4 Nf6 5. Bf4 c6 6. Bd3 e6 7. a3 Nd5 8. Bd2
Qc7 9. Nf3 Nxc3 10. Bxc3 Nd7 11. Qe2 Bd6 12. O-O-O Nf6 13. g3 Bd7 14. Ne5 Bxe5
15. dxe5 Nd5 16. Bd2 O-O-O 17. c4 Ne7 18. Bb4 c5 19. Bc3 Ba4 20. Bc2 Bxc2 21.
Qxc2 Nc6 22. Qe4 a6 23. Qf4 Qe7 1/2-1/2

[Event "DVM U16 2010"]
[Site "Naumburg (Saale) GER"]
[Date "2010.12.27"]
[Round "2"]
[White "Zwetz, Jasmin"]
[Black "Müller, Markus"]
[Result "1/2-1/2"]
[Termination "normal"]
[Board "8.3"]
[WhiteElo "1569"]
[BlackElo "1556"]
[WhiteTeam "TSV Kareth-Lappersdorf"]
[BlackTeam "SK Gernsheim"]
[PlyCount "64"]
[WhiteFideId "12927783"]
[BlackFideId "24660590"]
[EventCountry "GER"]
[EventRounds "7"]
[EventType "team-swiss"]
[EventDate "2010.12.26"]

1. e4 c5 2. d4 cxd4 3. c3 dxc3 4. Nxc3 Nc6 5. Nf3 d6 6. Bc4 Bg4 7. Bxf7+ Kxf7
8. Ng5+ Ke8 9. Qxg4 Nh6 10. Qh3 Qc8 11. Ne6 Nd8 12. Bxh6 Qxe6 13. Qxe6 Nxe6 14.
Be3 Kd7 15. O-O Nc7 16. Rfd1 b6 17. Na4 Rd8 18. Rac1 Na6 19. a3 Rc8 20. f4 Rxc1
21. Bxc1 e6 22. e5 d5 23. g4 Nc5 24. Nxc5+ bxc5 25. Be3 Be7 26. b4 cxb4 27.
axb4 Bxb4 28. Bxa7 Ra8 29. Be3 Rc8 30. Kg2 Rc2+ 31. Kg1 Re2 32. Bf2 Re4 1/2-1/2

[Event "DVM U16 2010"]
[Site "Naumburg (Saale) GER"]
[Date "2010.12.27"]
[Round "2"]
[White "Hofmann, Christoph"]
[Black "Wild, Michael"]
[Result "1-0"]
[Termination "normal"]
[Board "8.4"]
[WhiteElo "1640"]
[BlackElo "1200"]
[WhiteTeam "SK Gernsheim"]
[BlackTeam "TSV Kareth-Lappersdorf"]
[PlyCount "81"]
[WhiteFideId "24698857"]
[EventCountry "GER"]
[EventRounds "7"]
[EventType "team-swiss"]
[EventDate "2010.12.26"]

1. d4 d5 2. c4 dxc4 3. Nf3 Nf6 4. Bg5 Bf5 5. e3 Nc6 6. Bxc4 e6 7. O-O Bd6 8.
Nc3 O-O 9. e4 Bg4 10. e5 Bxf3 11. gxf3 Bxe5 12. dxe5 Nxe5 13. Be2 Qxd1 14.
Raxd1 Ne8 15. Be7 Nd6 16. Bxf8 Rxf8 17. Ne4 Nf5 18. Ng3 Ne7 19. Kg2 N5c6 20.
Bb5 Nb4 21. a3 Nbd5 22. Ne2 c6 23. Ba4 b5 24. Bb3 Nb6 25. Rfe1 Ng6 26. Rc1 Rc8
27. Nd4 c5 28. Nxb5 a6 29. Nd6 Rc6 30. Ne4 c4 31. Ba2 Ne5 32. Red1 Nd3 33. Rxd3
cxd3 34. Rxc6 Nd7 35. Rd6 Nf8 36. Rxd3 h6 37. Rd8 a5 38. b4 axb4 39. axb4 f6
40. Bxe6+ Kh7 41. Rxf8 1-0

[Event "DVM U16 2010"]
[Site "Naumburg (Saale) GER"]
[Date "2010.12.27"]
[Round "2"]
[White "Tran, Duc Cuong"]
[Black "Friedt, Marius"]
[Result "1-0"]
[Termination "normal"]
[Board "9.1"]
[WhiteElo "1958"]
[BlackElo "1939"]
[WhiteTeam "LSV Turm Lippstadt"]
[BlackTeam "Erfurter Schachklub"]
[PlyCount "77"]
[WhiteFideId "24689718"]
[BlackFideId "4642830"]
[EventCountry "GER"]
[EventRounds "7"]
[EventType "team-swiss"]
[EventDate "2010.12.26"]

1. e4 c5 2. Nf3 Nc6 3. d4 cxd4 4. Nxd4 g6 5. Be3 Bg7 6. c4 Nf6 7. Nc3 O-O 8.
Be2 d6 9. O-O Bd7 10. f3 a5 11. Qd2 a4 12. Rfd1 Qa5 13. Rac1 a3 14. b3 Nb4 15.
Bf1 Bc6 16. Bh6 Nd7 17. Bxg7 Kxg7 18. Kh1 Nc5 19. h4 Bd7 20. Qe3 Nc6 21. Nd5
Qd8 22. Qf2 Be6 23. Ne3 Qb6 24. Nec2 Kg8 25. Nb5 f5 26. b4 Na4 27. Qxb6 Nxb6
28. Nc7 Bxc4 29. Bxc4+ Nxc4 30. Nxa8 Rxa8 31. exf5 gxf5 32. Nd4 Nb2 33. Rd2
Nxb4 34. Nb5 Nxa2 35. Ra1 Nb4 36. Rxb2 axb2 37. Rxa8+ Kf7 38. Nc3 Nd5 39. Nb1
1-0